000 00469 a2200181 4500
020 _a0750653701
040 _aDLC
_bDLC
082 _a621.381045
100 1 _aTricker, Ray
245 1 0 _aOptoelectronics and fiber optic technology
_cRay Tricker
260 _aOxford :
_bNewnes,
_c2002
300 _axvi, 319 s. :
_bill.
650 4 _aFiberoptik
650 4 _aOptoelektronik
650 4 _aFiber optics
650 4 _aOptoelectronics
942 _cBK
_k621.381045 TRI
_2ddc
999 _c8020
_d8020